Statistics for Countries Cyndi Lauper has Visited

Click here to take the quiz!

General Stats

  • This quiz has been taken 51 times
    (20 since last reset)
  • The average score is 28 of 32

Answer Stats

ContinentCountry% Correct
South AmericaArgentina
100%
OceaniaAustralia
100%
South AmericaBrazil
100%
EuropeFrance
100%
EuropeSpain
100%
EuropeUnited Kingdom
100%
EuropeAustria
94%
EuropeBelgium
94%
North AmericaCanada
94%
South AmericaChile
94%
AsiaChina
94%
EuropeGermany
94%
AsiaJapan
94%
North AmericaMexico
94%
EuropeSweden
94%
North AmericaUnited States of America
94%
EuropeDenmark
88%
South AmericaPeru
88%
AsiaSouth Korea
88%
EuropeIceland
81%
EuropeIreland
81%
EuropeItaly
81%
OceaniaNew Zealand
81%
EuropeNorway
81%
EuropeSwitzerland
81%
Europethe Netherlands
81%
AsiaSingapore
75%
South AmericaVenezuela
75%
Asiathe Philippines
69%
EuropeLuxembourg
63%
North AmericaPanama
63%
AsiaTaiwan
63%

Score Distribution

Percentile by Number Answered

Percent of People with Each Score

Your Score History

You have not taken this quiz since the last reset